000 00793cab a2200229 4500
001 WB3228-33
008 090401t1996 xxu||||| |||| 00| 0 eng d
035 _a(Sirsi) u56493
041 _aeng
245 _aOffices learn to cut costs
260 _c1996
350 _a0
490 _aTimes
_v17 July 1996, 21(1)
520 _aAccording to the latest Times/Procord index of office costs management costs are falling, particularly due to a multiskilling approach and more efficient facilities management. Graph of costs per type of employee and by service.
650 _aFACILITIES MANAGEMENT
_96240
650 _aMULTISKILLING
650 _aOFFICE COSTS
650 _aPROCORD OFFICE COSTS INDEX
690 _aOFFICE SERVICES AND ADMINISTRATION
942 _n0
948 _c04/03/1997
999 _c34455
_d34455